Física 2 : problemas de física /
Guardado en:
| Autor Principal: | |
|---|---|
| Formato: | Libro |
| Publicado: |
Buenos Aires :
Losada,
1985
|
| Materias: | |
| Etiquetas: |
Agregar Etiqueta
Sin Etiquetas, Sea el primero en etiquetar este registro!
|
| LEADER | 01638nam a22002175a 4500 | ||
|---|---|---|---|
| 001 | CEM.cems017865 | ||
| 005 | 20121107110115.0 | ||
| 008 | 130507s1985##################000#0#####d | ||
| 003 | CEMS | ||
| 020 | |a 950036235X | ||
| 082 | 0 | 4 | |a 530 |
| 100 | 1 | |a Fernández Serventi, Héctor | |
| 245 | 1 | 0 | |a Física 2 : |b problemas de física / |c Héctor Fernández Serventi |
| 260 | |a Buenos Aires : |b Losada, |c 1985 | ||
| 300 | |a 472 p. | ||
| 500 | |a Para quinto año Colegios Nacionales, Liceos de señoritas, Ciclo básico de las Facultades de Ciencias | ||
| 505 | 0 | |a Luz -- Optica -- Velocidad de propagación de la luz -- Fotometría -- Reflexión de la luz -- Espejos planos -- Espejos esféricos -- Refracción de la luz -- Lámina de caras paralelas -- Prisma óptico -- Lentes -- Dispersión de la luz -- El ojo humano y la visión -- Instrumentos de óptica -- Optica física -- Magnetismo -- Electrostática -- Campo eléctrico -- Potencia eléctrico -- Capacidad eléctrica -- Condensadores -- Corriente eléctrica -- Fuerza electromotriz -- Energía y potencia de la corriente eléctrica -- Electroquímica -- Electrólisis -- Electroquímica -- Pilas y acumuladores -- Acción de un campo magnético sobre una corriente -- Inducción electromagnética -- Generadores de corriente eléctrica -- Corriente continua y alterna -- Oscilaciones eléctricas -- Descarga a través de los gases -- El átomo -- Efecto fotoeléctrico -- Emisión termoiónica -- Rayos X -- Radiactividad -- La energía nuclear | |
| 653 | |a Física | ||
| 653 | |a Física-polimodal | ||
| 653 | |a Física-esb | ||
| 859 | |a CEMS |b BIB. CEMS - Agricultura |h 530 |i F391 |p A1628.12 |t Ej.1 |v 2 |3 2 | ||
